Statistics for Famous People Named Arthur

Click here to take the quiz!

General Stats

  • This quiz has been taken 312 times
    (85 since last reset)
  • The average score is 8 of 16

Answer Stats

LifeHintPerson% Correct
LegendaryKnights of the Round TableKing Arthur
90%
1943–1993Tennis champArthur Ashe
78%
1915–2005Playwright of The CrucibleArthur Miller
73%
1941–Singer (of famous folk duo)Art Garfunkel
71%
1725–1803Irish brewerArthur Guinness
71%
1829–1886US PresidentChester A. Arthur
62%
1922–2009Golden GirlBea Arthur
59%
1859–1930A Study in ScarletArthur Conan Doyle
58%
1917–2008Sci-fi author of 2001Arthur C. Clarke
52%
FictionalGalaxy hitchhikerArthur Dent
41%
1769–1852The Duke of WellingtonArthur Wellesley
40%
1848–1930UK PM with 1917 declarationArthur Balfour
33%
1880–19645-Star GeneralDouglas MacArthur
33%
1918–2003The HoneymoonersArt Carney
29%
1924–1995Pre-Trebek Jeopardy! hostArt {Fleming}
16%
1788–1860German pessimist philosopherArthur {Schopenhauer}
12%

Score Distribution

Percentile by Number Answered

Percent of People with Each Score

Your Score History

You have not taken this quiz since the last reset